Best NFL Player By Position - Madden 26 - Statistics

General Stats
  • This quiz has been taken 1,273 times
    831 since last reset
  • The average score is 15 of 22
Answer Stats
Pos. Team(s) Player(s) % Correct
DT 97 Chiefs | Giants Chris Jones | Dexter Lawrence II
93%
CB 97 Broncos Patrick Surtain II
93%
HB 99 Eagles Saquon Barkley
93%
QB 99 Bills | Ravens Josh Allen | Lamar Jackson
91%
TE 98 49ers George Kittle
89%
WR 99 Bengals | Vikings Ja'Marr Chase | Justin Jefferson
89%
LE 98 Cowboys Micah Parsons
85%
RE 99 Browns Myles Garrett
83%
K 87 Cowboys Brandon Aubrey
82%
MLB 97 49ers Fred Warner
80%
RT 99 Eagles Lane Johnson
78%
LT 97 49ers Trent Williams
78%
C 94 Chiefs Creed Humphrey
74%
FS 95 Falcons Jessie Bates III
74%
SS 93 Chargers | Packers Derwin James Jr. | Xavier McKinney
71%
LG 93 Bears Joe Thuney
57%
FB 88 49ers Kyle Juszczyk
55%
ROLB 88 Eagles Zack Baun
46%
P 85 Raiders A.J. Cole
34%
RG 95 Broncos Quinn Meinerz
31%
LOLB 84 Chiefs Leo Chenal
26%
LS 81 Vikings | Chargers Andrew DePaola | Josh Harris
11%
No matching quizzes found
Score Distribution
Percent of People with Each Score
Percentile by Number Answered
Your Score History
You have not taken this quiz since the last reset